| 000 | 00615nam a22001937a 4500 | ||
|---|---|---|---|
| 999 |
_c181891 _d181891 |
||
| 005 | 20211007164223.0 | ||
| 010 | _aB-741719 | ||
| 020 |
_a9789385503498 _c1899.00 |
||
| 035 | _aB-741719 | ||
| 037 | _bGift | ||
| 082 | _a616.462 | ||
| 100 | _aLalwani,Raj kumar | ||
| 245 |
_aDiabetes Mellitus Type 2: A Clinical Companion / _cRaj kumar Lalwani |
||
| 260 |
_aNew Delhi _bNew Delhi Publishers _c2016 |
||
| 270 |
_a90, Sainik Vihar,Mohan Garden _bNew Delhi _e110059 |
||
| 300 |
_a510 P. _c24cm(pbk) |
||
| 942 |
_2ddc _cEN _mLAL _h616.462 |
||